000 00452nam a2200169Ia 4500
005 20250423100317.0
008 250422s9999 xx 000 0 und d
020 _a0895773783
050 _aTH 4817.3 .N48/
245 0 _aNew complete do-it-yourself manual
260 _aPleasantville
260 _bReader's Digest Association
260 _cc1991
300 _a528 p
650 _aDwellings_Maintenance and repair_Amateurs' manuals
942 _cBK
999 _c32918
_d32918